Investování pro začátečníky

Salvato in:
Dettagli Bibliografici
Autore principale: Syrový, Petr
Natura: Libro
Lingua:ceco
Pubblicazione: Praha Grada Publishing 2005
Serie:Finance
Soggetti:
Tags: Aggiungi Tag
Nessun Tag, puoi essere il primo ad aggiungerne!!

MARC

LEADER 00000nam$a2200000$$$4500
001 0048184
005 20240313133031.1
020 |a 80-247-1366-7 
041 0 |a cze 
044 |a CZ 
245 1 0 |a Investování pro začátečníky  |c Petr Syrový 
264 1 |a Praha  |b Grada Publishing  |c 2005 
300 |a 105 s. 
490 1 |a Finance 
830 0 |a Finance 
610 2 0 |a investovanie 
610 2 0 |a investície 
610 2 0 |a investori 
610 2 0 |a fondy podielové 
610 2 0 |a portfólio 
610 2 0 |a riziko 
610 2 0 |a výnosy 
610 2 0 |a efektívnosť investícií ekonomická 
100 1 |a Syrový, Petr